000 00583nam a2200181Ia 4500
008 100917s9999 xx 000 0 und d
082 _b38386
100 _aलाटे दिनानाथ
245 _aसात व्यथा दोन हत्या
260 _bदिलीप प्रकाशन
_c1979
300 _a267
365 _b22
520 _aकादंबरी
630 _aसात व्यथा दोन हत्या
650 _aकादंबरी
730 _aसात व्यथा दोन हत्या
942 _cBOOK
999 _c643780
_d643777